| Tag |
First Indicator |
Second Indicator |
Subfields |
| LEADER |
00000cam a2200000 i 4500 |
| 001 |
in00004125021 |
| 006 |
m o d |
| 007 |
cr mn||||||||| |
| 008 |
191222s2020 caua ob 001 0 eng |
| 005 |
20221130132926.5 |
| 010 |
|
|
|a 2019006187
|
| 020 |
|
|
|a 9781503610736
|q (electronic book)
|
| 020 |
|
|
|a 150361073X
|q (electronic book)
|
| 020 |
|
|
|z 9781503610040
|q (hardcover
|q alkaline paper)
|
| 020 |
|
|
|z 1503610047
|q (hardcover
|q alkaline paper)
|
| 024 |
8 |
|
|a 99988610406
|
| 035 |
|
|
|a (DLC)ebc5917126
|
| 035 |
|
|
|a in00004125021
|
| 037 |
|
|
|a 22573/ctvqrpqbb
|b JSTOR
|
| 040 |
|
|
|a NhCcYBP
|c NhCcYBP
|d UtOrBLW
|
| 042 |
|
|
|a pcc
|
| 043 |
|
|
|a e-uk-en
|
| 050 |
|
4 |
|a PR571
|b .I35 2020
|
| 072 |
|
7 |
|a LIT
|x 014000
|2 bisacsh
|
| 072 |
|
7 |
|a LIT
|x 004120
|2 bisacsh
|
| 072 |
|
7 |
|a LIT
|x 024030
|2 bisacsh
|
| 082 |
0 |
0 |
|a 821/.170936
|2 23
|
| 100 |
1 |
|
|a Igarashi, Yohei,
|d 1979-
|e author.
|0 http://id.loc.gov/authorities/names/no2019016743
|
| 245 |
1 |
4 |
|a The connected condition :
|b Romanticism and the dream of communication /
|c Yohei Igarashi.
|
| 264 |
|
1 |
|a Stanford, California :
|b Stanford University Press,
|c [2020]
|
| 300 |
|
|
|a 1 online resource.
|
| 336 |
|
|
|a text
|b txt
|2 rdacontent
|
| 337 |
|
|
|a computer
|b c
|2 rdamedia
|
| 338 |
|
|
|a online resource
|b cr
|2 rdacarrier
|
| 490 |
1 |
|
|a Stanford text technologies
|
| 504 |
|
|
|a Includes bibliographical references and index
|
| 505 |
0 |
|
|a Scribble-scrabble genius : Coleridge, transcription, and the shorthand effect -- Wordsworth and bureaucratic form -- Shelley amid the age of separations; or, a poetry of ambiversion for networked life -- Keats's ways : the dark passages of mediation and giving up hyperion
|
| 588 |
0 |
|
|a Online resource; title from digital title page (viewed on June 11, 2020).
|
| 500 |
|
|
|a Electronic resource.
|
| 650 |
|
0 |
|a English poetry
|y 18th century
|x History and criticism.
|0 http://id.loc.gov/authorities/subjects/sh2008103105
|
| 650 |
|
0 |
|a Communication
|z England
|x History
|y 18th century.
|
| 650 |
|
0 |
|a Romanticism
|z England.
|0 http://id.loc.gov/authorities/subjects/sh2008111002
|
| 648 |
|
7 |
|a 1700-1799
|2 fast
|
| 655 |
|
7 |
|a Electronic books.
|2 local
|
| 710 |
2 |
|
|a ProQuest (Firm)
|0 http://id.loc.gov/authorities/names/n2007068018
|
| 776 |
1 |
8 |
|i Print version:
|a Igarashi, Yohei, 1979-
|t Connected condition.
|d Stanford, California : Stanford University Press, [2019]
|z 9781503610040
|w (DLC) 2019005195
|
| 830 |
|
0 |
|a Text technologies.
|0 http://id.loc.gov/authorities/names/no2019016448
|
| 856 |
4 |
0 |
|u https://ebookcentral.proquest.com/lib/tamucs/detail.action?docID=5917126
|z Connect to the full text of this electronic book
|t 0
|
| 945 |
|
|
|b 50747
|
| 955 |
|
|
|a YBP purchased DDA e-records
|
| 980 |
|
|
|b ebook
|c 99988610406
|g 565701
|k USD
|m 112.50
|q 1
|s AcqMono Conventional
|t Demand driven acquisitions (DDA)
|u Vendor order reference number
|v ZYBP
|y PDA
|z Electronic resource
|
| 987 |
|
|
|a ybp300869255
|
| 999 |
f |
f |
|s 086f7f78-642a-4e0d-8801-88a6baf45731
|i e35b4f19-b7a7-35ff-8e60-1c14d78e4f28
|t 0
|
| 952 |
f |
f |
|a Texas A&M University
|b College Station
|c Electronic Resources
|d Available Online
|t 0
|e PR571 .I35 2020
|h Library of Congress classification
|
| 998 |
f |
f |
|a PR571 .I35 2020
|t 0
|l Available Online
|